日本の湖沼TOP30 - Statistics

General Stats
  • This quiz has been taken 10 times
  • The average score is 21 of 30
Answer Stats
順位 都道府県 面積 Answer % Correct
1位 滋賀県 669㎢ 琵琶湖
100%
2位 茨城県 168㎢ 霞ヶ浦
100%
3位 北海道 150㎢ サロマ湖
100%
4位 福島県 104㎢ 猪苗代湖
100%
5位 島根県/鳥取県 86㎢ 中海
100%
9位 北海道 70㎢ 洞爺湖
100%
10位 静岡県 65㎢ 浜名湖
100%
12位 青森県/秋田県 61㎢ 十和田湖
100%
19位 秋田県 25㎢ 田沢湖
100%
23位 長野県 13㎢ 諏訪湖
100%
8位 北海道 78㎢ 支笏湖
88%
15位 茨城県 34㎢ 北浦
88%
20位 北海道 19㎢ 摩周湖
88%
25位 栃木県 11㎢ 中禅寺湖
88%
6位 北海道 79㎢ 屈斜路湖
75%
7位 島根県 79㎢ 宍道湖
75%
18位 秋田県 27㎢ 八郎潟
75%
24位 北海道 13㎢ 阿寒湖
63%
26位 千葉県 11㎢ 印旛沼
63%
13位 北海道 58㎢ 能取湖
50%
16位 北海道 32㎢ 網走湖
50%
21位 青森県 18㎢ 十三湖
50%
27位 鹿児島県 10㎢ 池田湖
38%
28位 福島県 10㎢ 桧原湖
38%
11位 青森県 62㎢ 小河原湖
25%
14位 北海道 57㎢ 風蓮湖
25%
17位 北海道 31㎢ 厚岸湖
25%
29位 茨城県 9㎢ 涸沼
25%
30位 北海道 9㎢ 濤沸湖
25%
22位 北海道 14㎢ クッチャロ湖
13%
No matching quizzes found
Score Distribution
Percent of People with Each Score
Percentile by Number Answered
Your Score History
You have not taken this quiz